Better places to work (Record no. 105179)

MARC details
000 -LEADER
fixed length control field 01734cam a2200241 4500
001 - CONTROL NUMBER
control field ##L132543
008 - FIXED-LENGTH DATA ELEMENTS--GENERAL INFORMATION
fixed length control field 060216n2005 000 0 eng u
020 ## - INTERNATIONAL STANDARD BOOK NUMBER
International Standard Book Number 0727733982
035 ## - SYSTEM CONTROL NUMBER
System control number (Sirsi) u132543
041 0# - LANGUAGE CODE
Language code of text/sound track or separate title eng
050 04 - LIBRARY OF CONGRESS CALL NUMBER
Classification number 725.23 $2 18
110 2# - MAIN ENTRY--CORPORATE NAME
Corporate name or jurisdiction name as entry element Commission for Architecture and the Built Environment
9 (RLIN) 4058
245 00 - TITLE STATEMENT
Title Better places to work
260 ## - PUBLICATION, DISTRIBUTION, ETC.
Place of publication, distribution, etc. London
Name of publisher, distributor, etc. Thomas Telford
Date of publication, distribution, etc. 2005
520 ## - SUMMARY, ETC.
Summary, etc. A well designed and planned workplace can improve the quality of life for its workers in terms of productivity and the sense of feeling valued. Alternatively, poorly designed and badly located work environments are argued to have a severely demoralised workforce and therefore significant recruitment and retention issues. This guide demonstrates how, with clear commitment from the employer and a favourable planning environment, it is possible to create a better workplace. It is concerned with how well designed workplaces can be delivered through the planning system, and explores issues around location, public realm, architecture and linkages. Excellent workplaces are regarded as those that perform their function efficiently, enhance the local environment and provide local employment in a place where people want to work.
590 ## - LOCAL NOTE (RLIN)
Local note IKA280206
690 ## - LOCAL SUBJECT ADDED ENTRY--TOPICAL TERM (OCLC, RLIN)
Topical term or geographic name as entry element PROPERTY-COMMERCIAL PROPERTY-CORPORATE REAL ESTATE-CORPORATE REAL ESTATE MANAGEMENT-STRATEGIC FACILITIES PLANNING
710 2# - ADDED ENTRY--CORPORATE NAME
Corporate name or jurisdiction name as entry element Llewelyn Davies Yeang
9 (RLIN) 4885
710 2# - ADDED ENTRY--CORPORATE NAME
Corporate name or jurisdiction name as entry element British Council for Offices
9 (RLIN) 3992
710 2# - ADDED ENTRY--CORPORATE NAME
Corporate name or jurisdiction name as entry element British Property Federation
9 (RLIN) 1604
856 40 - ELECTRONIC LOCATION AND ACCESS
Uniform Resource Identifier <a href="https://webarchive.nationalarchives.gov.uk/20110118095356/http://www.cabe.org.uk/files/better-places-to-work.pdf">https://webarchive.nationalarchives.gov.uk/20110118095356/http://www.cabe.org.uk/files/better-places-to-work.pdf</a>
Public note View the document at www.cabe.org.uk...
942 ## - ADDED ENTRY ELEMENTS (KOHA)
Suppress in OPAC 0
Holdings
Withdrawn status Lost status Source of classification or shelving scheme Damaged status Not for loan Home library Current library Shelving location Date acquired Total Checkouts Full call number Barcode Date last seen Copy number Price effective from Koha item type
    Dewey Decimal Classification     Virtual Virtual Online 16/02/2006   ONLINE PUBLICATION 132543-1001 06/08/2019 1 06/08/2019 Book